Statistics for Olympic Boxing Weight Classes

Click here to take the quiz!

General Stats

  • This quiz has been taken 30 times
  • The average score is 6 of 8

Answer Stats

HintAnswer% Correct
81-91 kgHeavyweight
96%
57-63 kgLightweight
96%
69-75 kgMiddleweight
89%
+91 kgSuper-Heavyweight
85%
52-57 kgFeatherweight
74%
48-52 kgFlyweight
70%
63-69 kgWelterweight
63%
75-81 kgLight-Heavyweight
48%

Score Distribution

Percentile by Number Answered

Percent of People with Each Score

Your Score History

You have not taken this quiz